[Event "Belt and Road op-B 3rd"]
[Site "Qinhuangdao"]
[Date "2023.11.23"]
[Round "7"]
[White "Jin, Ruijun"]
[Black "Amin Erdene, Bayanmunkh"]
[Result "1-0"]
[WhiteElo "1637"]
[BlackElo "1801"]
[PlyCount "96"]
[EventDate "2023.11.19"]
[EventType "swiss"]
[EventRounds "9"]
[EventCountry "CHN"]
[SourceTitle "CB49_2023"]
[SourceDate "2023.12.06"]
[SourceVersion "1"]
[SourceVersionDate "2023.12.06"]
[SourceQuality "1"]

1. e4 e6 2. d4 d5 3. Nd2 a6 4. Ngf3 Nf6 5. e5 Nfd7 6. Bd3 c5 7. c3 Nc6 8. 0-0 g5 9. h3 h5 10. Nb1 g4 11. hxg4 hxg4 12. Ng5 Rg8 13. f4 Qb6 14. Qxg4 cxd4 15. Qh5 Nd8 16. Kh1 Bg7 17. Rf3 Rh8 18. Nh7 Nc5 19. Qg5 Bf8 20. Rh3 Rxh7 21. Bxh7 Nc6 22. cxd4 Nxd4 23. Nc3 Bd7 24. Rb1 Nb5 25. b4 Nxc3 26. Rxc3 Na4 27. Rc2 Qb5 28. Be3 Nb6 29. Bc5 Rc8 30. Qg8 Rxc5 31. Rxc5 Qe2 32. Rc2 Qe3 33. Rf1 Nc4 34. Rff2 Ba4 35. Rce2 Qc3 36. Bg6 fxg6 37. Qxe6+ Be7 38. Qxg6+ Kd7 39. Qf5+ Kd8 40. Qe6 Qd4 41. f5 Bd7 42. Qg8+ Kc7 43. f6 Nxe5 44. fxe7 Ng4 45. Rf1 Nf6 46. Rxf6 Qxf6 47. Qd8+ Kc6 48. Rc2+ Kd6 1-0

[Event "Belt and Road op-B 3rd"]
[Site "Qinhuangdao"]
[Date "2023.11.20"]
[Round "3"]
[White "Liu, Huaqi"]
[Black "Amin Erdene, Bayanmunkh"]
[Result "0-1"]
[WhiteElo "1604"]
[BlackElo "1801"]
[PlyCount "56"]
[EventDate "2023.11.19"]
[EventType "swiss"]
[EventRounds "9"]
[EventCountry "CHN"]
[SourceTitle "CB49_2023"]
[SourceDate "2023.12.06"]
[SourceVersion "1"]
[SourceVersionDate "2023.12.06"]
[SourceQuality "1"]

1. e4 e6 2. d4 d5 3. Nc3 Bb4 4. e5 c5 5. a3 Bxc3+ 6. bxc3 Qa5 7. Bd2 Qa4 8. h4 Ne7 9. Rb1 c4 10. h5 h6 11. Rh3 Nbc6 12. Qg4 Rg8 13. Kd1 Qxa3 14. Rf3 Qa2 15. Rc1 Qb2 16. Bxh6 gxh6 17. Qf4 Rf8 18. Qxh6 a5 19. Qg7 Bd7 20. h6 a4 21. h7 0-0-0 22. Rxf7 Rxf7 23. Qxf7 a3 24. Qf6 a2 25. h8Q Qxc1+ 26. Kxc1 a1Q+ 27. Kd2 Rxh8 28. Qxh8+ Kc7 0-1

[Event "Ulaanbaatar MICA op"]
[Site "Ulaanbaatar"]
[Date "2023.11.02"]
[Round "8"]
[White "Amin Erdene, Bayanmunkh"]
[Black "Rudovskii, Filipp"]
[Result "1/2-1/2"]
[WhiteElo "1691"]
[BlackElo "2037"]
[PlyCount "61"]
[EventDate "2023.10.27"]
[EventType "swiss"]
[EventRounds "9"]
[EventCountry "MGL"]
[SourceTitle "CB48_2023"]
[SourceDate "2023.11.29"]
[SourceVersion "1"]
[SourceVersionDate "2023.11.29"]
[SourceQuality "1"]

1. d4 Nf6 2. c4 e6 3. g3 d5 4. Bg2 Be7 5. Nf3 0-0 6. 0-0 c6 7. Qc2 b6 8. b3 Nbd7 9. Rd1 Bb7 10. Nc3 Rc8 11. e4 Ba6 12. Bf1 Qc7 13. e5 Ne8 14. Bd3 h6 15. Qe2 Bb7 16. h4 Bb4 17. Na4 dxc4 18. bxc4 c5 19. d5 exd5 20. e6 fxe6 21. Qxe6+ Kh8 22. Qg6 Ndf6 23. Bf4 Qc6 24. Ne5 Qxa4 25. Qf5 Rc7 26. Ng6+ Kg8 27. Qe6+ Rff7 28. Bxc7 Nxc7 29. Ne7+ Kf8 30. Ng6+ Kg8 31. Ne7+ 1/2-1/2

[Event "Ulaanbaatar MICA op"]
[Site "Ulaanbaatar"]
[Date "2023.10.28"]
[Round "2"]
[White "Batsaikhan, Begz"]
[Black "Amin Erdene, Bayanmunkh"]
[Result "0-1"]
[WhiteElo "2007"]
[BlackElo "1691"]
[PlyCount "82"]
[EventDate "2023.10.27"]
[EventType "swiss"]
[EventRounds "9"]
[EventCountry "MGL"]
[SourceTitle "CB48_2023"]
[SourceDate "2023.11.29"]
[SourceVersion "1"]
[SourceVersionDate "2023.11.29"]
[SourceQuality "1"]

1. e4 e6 2. d4 d5 3. e5 c5 4. c3 Nc6 5. a3 Nge7 6. Nf3 Bd7 7. Bd3 cxd4 8. cxd4 Qb6 9. Bc2 Nf5 10. Bxf5 exf5 11. 0-0 Be6 12. Nc3 Be7 13. b4 Rc8 14. Na4 Qd8 15. Bb2 0-0 16. Nc5 b6 17. Nb3 Kh8 18. Qe2 g5 19. Rfc1 Rg8 20. Rc3 f4 21. Rac1 Qd7 22. Kh1 g4 23. Nfd2 Bg5 24. Qb5 Ne7 25. Qxd7 Bxd7 26. Rc7 Bb5 27. f3 h5 28. Kg1 a6 29. Rxc8 Rxc8 30. Rxc8+ Nxc8 31. Kf2 Ne7 32. g3 Nf5 33. Ne4 dxe4 34. fxe4 fxg3+ 35. hxg3 Bc4 36. exf5 Bxb3 37. e6 Kg8 38. Bc1 Bxc1 39. b5 fxe6 40. bxa6 exf5 41. a7 Bd5 0-1

[Event "MGL-ch (Women)"]
[Site "Ulaanbaatar"]
[Date "2023.05.29"]
[Round "10"]
[White "Bayarmaa, Bayarjargal"]
[Black "Amin Erdene, Bayanmunkh"]
[Result "1-0"]
[WhiteElo "2167"]
[BlackElo "1620"]
[PlyCount "81"]
[EventDate "2023.05.20"]
[EventType "tourn"]
[EventRounds "11"]
[EventCountry "MGL"]
[SourceTitle "CBM 214 Extra"]
[Source "ChessBase"]
[SourceDate "2023.07.31"]
[SourceVersion "1"]
[SourceVersionDate "2023.07.31"]
[SourceQuality "1"]

1. d4 Nf6 2. c4 g6 3. Nc3 Bg7 4. e4 d6 5. Be2 0-0 6. Bg5 Na6 7. h4 e5 8. d5 h6 9. Be3 Nc5 10. Qc2 c6 11. h5 cxd5 12. cxd5 Qa5 13. f3 Nxh5 14. 0-0-0 Bd7 15. Kb1 b5 16. Bxc5 dxc5 17. d6 Nf6 18. Nh3 Rfc8 19. Nf2 Rab8 20. Ng4 Bxg4 21. fxg4 c4 22. g5 hxg5 23. Nd5 Nxd5 24. Rxd5 Qb6 25. Bg4 Rc6 26. d7 Rd8 27. Qd2 c3 28. Qe2 c2+ 29. Kc1 a6 30. Rd2 Rc4 31. Rxc2 Rxc2+ 32. Kxc2 f5 33. exf5 Rxd7 34. Kb1 Rd8 35. Rf1 Qd6 36. fxg6 Rf8 37. Bf5 Rf6 38. Qe4 Rf8 39. g4 Rd8 40. Qh1 Qf6 41. Be6+ 1-0

[Event "MGL-ch (Women)"]
[Site "Ulaanbaatar"]
[Date "2023.05.23"]
[Round "4"]
[White "Enkhsaran, Batsaikhan"]
[Black "Amin Erdene, Bayanmunkh"]
[Result "1/2-1/2"]
[WhiteElo "1756"]
[BlackElo "1620"]
[PlyCount "156"]
[EventDate "2023.05.20"]
[EventType "tourn"]
[EventRounds "11"]
[EventCountry "MGL"]
[SourceTitle "CBM 214 Extra"]
[Source "ChessBase"]
[SourceDate "2023.07.31"]
[SourceVersion "1"]
[SourceVersionDate "2023.07.31"]
[SourceQuality "1"]

1. d4 d5 2. c4 e6 3. Nf3 a6 4. g3 dxc4 5. Bg2 Nc6 6. 0-0 Rb8 7. Nc3 Nf6 8. e4 Be7 9. d5 exd5 10. exd5 Nb4 11. Ne5 Bf5 12. Bf4 0-0 13. a3 Nd3 14. Nxc4 Nxf4 15. gxf4 Bd6 16. Qd2 Nh5 17. Ne2 Bg4 18. Nxd6 Qxd6 19. f5 Bxf5 20. Ng3 Nxg3 21. fxg3 Bg6 22. Qc3 Rfe8 23. Rae1 f6 24. Re6 Qd7 25. Rfe1 Bf7 26. Rxe8+ Rxe8 27. Rxe8+ Bxe8 28. Qb3 Qd6 29. Qe3 Bd7 30. h3 Kf8 31. Kh2 Qe5 32. Qc5+ Qd6 33. Qa7 Qb6 34. Qxb6 cxb6 35. g4 Ke7 36. Kg3 Kd6 37. Kf4 Kc5 38. g5 fxg5+ 39. Kxg5 a5 40. Kf4 Kd6 41. h4 Be8 42. Be4 Bf7 43. Bxh7 Kxd5 44. Be4+ Kc4 45. Bc2 b5 46. Ke5 b4 47. axb4 axb4 48. Kd6 b3 49. Be4 Kd4 50. Ke7 Bh5 51. Bf5 Ke5 52. Be6 Kf4 53. Kf8 g6 54. Bxb3 Kg3 55. Bd5 b5 56. Ke7 Kxh4 57. Kd6 Be2 58. Ke5 g5 59. Ke4 g4 60. Ke3 Bc4 61. Bc6 g3 62. Bd7 Bf1 63. b4 Kg5 64. Kf3 Kh4 65. Ke3 Bc4 66. Bc8 Bd5 67. Bd7 Bc4 68. Bc8 Bf1 69. Bd7 Kg5 70. Kf3 Kh4 71. Ke3 Bc4 72. Bc8 Bd5 73. Bd7 Bb7 74. Ke2 Bd5 75. Kf1 Bc4+ 76. Kg2 Bd5+ 77. Kg1 Bc4 78. Kg2 Bd5+ 1/2-1/2

[Event "Titled Tuesday intern op 29th Nov Early"]
[Site "Chess.com INT"]
[Date "2022.11.29"]
[Round "6"]
[White "Putnam, Liam H"]
[Black "Amin Erdene, Bayanmunkh"]
[Result "1-0"]
[WhiteElo "2161"]
[BlackElo "1539"]
[PlyCount "129"]
[EventDate "2022.11.29"]
[EventType "swiss (blitz)"]
[EventRounds "11"]
[EventCountry "USA"]
[SourceTitle "EXT 2024"]
[Source "ChessBase"]
[SourceDate "2023.10.10"]
[SourceVersion "1"]
[SourceVersionDate "2023.10.10"]
[SourceQuality "1"]

1. d4 Nf6 2. c4 g6 3. Nc3 Bg7 4. e4 d6 5. Nf3 0-0 6. Be2 e5 7. 0-0 exd4 8. Nxd4 Re8 9. f3 c6 10. Kh1 Nbd7 11. Bf4 Nh5 12. Bxd6 Qf6 13. Nb3 Nf4 14. c5 a5 15. a4 Ne5 16. g3 Nxe2 17. Qxe2 Qe6 18. Nd4 Qc4 19. Bxe5 Qxe2 20. Ndxe2 Bxe5 21. Rfd1 Be6 22. Nd4 Bc4 23. Rd2 Bf6 24. Rad1 Be7 25. Rc1 Bxc5 26. Nd1 Bb4 27. Nc3 Rad8 28. Rcd1 Rd7 29. Nc2 Rxd2 30. Rxd2 Bb3 31. Nd4 Bxc3 32. bxc3 Bxa4 33. Ra2 Bd1 34. Rxa5 b5 35. Ra1 Ba4 36. Nxc6 Kg7 37. c4 Rc8 38. cxb5 Bxb5 39. Nd4 Rc5 40. Ra7 Kf8 41. Kg2 Bc4 42. Rb7 Bd3 43. Rb2 Rc4 44. Nb5 Rc1 45. Nd6 Bf1+ 46. Kf2 Bh3 47. Nb5 Rh1 48. Ke3 Rf1 49. Nd4 h5 50. e5 Re1+ 51. Re2 Ra1 52. f4 Ra3+ 53. Kf2 Bg4 54. Rb2 Rd3 55. Nb5 Rf3+ 56. Kg2 Re3 57. Nd6 Kg7 58. Kf2 Rf3+ 59. Kg1 Re3 60. Rb7 Be6 61. Ne8+ Kf8 62. Nf6 Kg7 63. Rb8 h4 64. Rg8+ Kh6 65. g4 1-0

[Event "Titled Tuesday intern op 29th Nov Early"]
[Site "Chess.com INT"]
[Date "2022.11.29"]
[Round "9"]
[White "Sanchez, Roberto Daniel"]
[Black "Amin Erdene, Bayanmunkh"]
[Result "1-0"]
[WhiteElo "1971"]
[BlackElo "1539"]
[PlyCount "77"]
[EventDate "2022.11.29"]
[EventType "swiss (blitz)"]
[EventRounds "11"]
[EventCountry "USA"]
[SourceTitle "EXT 2024"]
[Source "ChessBase"]
[SourceDate "2023.10.10"]
[SourceVersion "1"]
[SourceVersionDate "2023.10.10"]
[SourceQuality "1"]

1. e4 d6 2. d4 Nf6 3. Nc3 g6 4. Be3 Bg7 5. f3 c6 6. Qd2 h5 7. 0-0-0 b5 8. Kb1 Nbd7 9. e5 Ng8 10. e6 fxe6 11. Bd3 Nf8 12. Nh3 Nf6 13. Ne4 Nd5 14. Neg5 Nxe3 15. Qxe3 Bf6 16. f4 Qb6 17. Be2 Bd7 18. Ne4 0-0-0 19. Nhg5 Rg8 20. Nxf6 exf6 21. Ne4 Kc7 22. Nxf6 Rg7 23. Ne4 Rf7 24. g3 Bc8 25. Rhe1 Kb8 26. Bf3 a5 27. Rc1 Ra7 28. c4 b4 29. c5 dxc5 30. Nxc5 a4 31. Rc4 a3 32. Qb3 Ka8 33. Rxb4 Qc7 34. Bxc6+ Bb7 35. Bxb7+ Rxb7 36. Rxb7 Qa5 37. Rb4 Nd7 38. Ra4 Nxc5 39. Rxa5+ 1-0

[Event "MGL-ch (Women)"]
[Site "Chinggis City"]
[Date "2022.05.14"]
[Round "3"]
[White "Khulan, Enkhsaikhan"]
[Black "Amin Erdene, Bayanmunkh"]
[Result "1-0"]
[WhiteElo "2111"]
[BlackElo "1425"]
[PlyCount "119"]
[EventDate "2022.05.12"]
[EventType "tourn"]
[EventRounds "11"]
[EventCountry "MGL"]
[SourceTitle "CBM 208 Extra"]
[Source "ChessBase"]
[SourceDate "2022.07.31"]
[SourceVersion "1"]
[SourceVersionDate "2022.07.31"]
[SourceQuality "1"]

1. c4 Nf6 2. Nc3 g6 3. Nf3 Bg7 4. g3 0-0 5. Bg2 d6 6. 0-0 Nc6 7. b3 e5 8. Bb2 Re8 9. d4 Nd7 10. dxe5 Ndxe5 11. Nxe5 Nxe5 12. Qd2 Rb8 13. Rad1 Bd7 14. Nd5 Bc6 15. Bd4 a6 16. Qc3 Bf8 17. e4 Bxd5 18. cxd5 Rc8 19. f4 Nd7 20. e5 dxe5 21. fxe5 c5 22. dxc6 bxc6 23. Qc4 Qe7 24. Rf2 Nxe5 25. Bxe5 Qxe5 26. Qxf7+ Kh8 27. Qf6+ Bg7 28. Qxe5 Bxe5 29. Rf7 Kg8 30. Rdd7 Bd4+ 31. Kh1 Re1+ 32. Bf1 Rd8 33. Kg2 Rxd7 34. Rxd7 c5 35. Bxa6 Rb1 36. Bc4+ Kf8 37. a4 Rb2+ 38. Kf3 Ra2 39. Rxh7 Bg1 40. h4 Bd4 41. Rf7+ Ke8 42. Ke4 Bf2 43. Kf3 Be1 44. Kg4 Rg2 45. Rf3 Kd7 46. Kh3 Rf2 47. Rd3+ Kc7 48. Rd5 Kc6 49. Re5 Bc3 50. Re6+ Kd7 51. Rxg6 Rf8 52. h5 Bd2 53. Kg4 Ke7 54. h6 Rf6 55. Rg7+ Kd6 56. h7 Rh6 57. Kf5 Rh5+ 58. Kg6 Rh6+ 59. Kf7 Bc3 60. Rg6+ 1-0

[Event "Wch FIDE Online U14 Girls Asia qual"]
[Site "Tornelo INT"]
[Date "2020.12.12"]
[Round "5"]
[White "Amin Erdene, Bayanmunkh"]
[Black "Boramanikar, Tanisha S"]
[Result "1-0"]
[WhiteElo "1425"]
[BlackElo "1670"]
[PlyCount "115"]
[EventDate "2020.12.11"]
[EventType "swiss (rapid)"]
[EventRounds "7"]
[EventCountry "ISS"]
[SourceTitle "EXT 2022"]
[Source "ChessBase"]
[SourceDate "2021.10.06"]
[SourceVersion "1"]
[SourceVersionDate "2021.10.06"]
[SourceQuality "1"]

1. d4 Nf6 2. Bf4 b6 3. e3 Bb7 4. Nd2 g6 5. Ngf3 Bg7 6. h3 0-0 7. c3 d6 8. Be2 Nbd7 9. 0-0 Re8 10. Nc4 Nh5 11. Bh2 c5 12. a4 Rc8 13. Bd3 Nhf6 14. Re1 Ne4 15. Nfd2 Nxd2 16. Qxd2 d5 17. Na3 e5 18. Nb5 Nf8 19. Nxa7 Ra8 20. Nb5 Bc6 21. b3 Qg5 22. f4 exf4 23. Bxf4 Qf6 24. Nc7 Rad8 25. Nxe8 Rxe8 26. Rf1 Qe7 27. Rae1 g5 28. Bg3 h5 29. Bc2 h4 30. Bh2 Qd7 31. Qd3 Ng6 32. Qf5 Qe7 33. Qf2 Bd7 34. Qf3 Bc6 35. Rf2 Qe6 36. Bf5 Qe7 37. Rfe2 Nf8 38. Bd3 Ne6 39. Bf5 Nf8 40. Qg4 Bd7 41. Bxd7 Nxd7 42. Kh1 Nf6 43. Qxg5 Ne4 44. Qxe7 Rxe7 45. Rc2 cxd4 46. cxd4 Bxd4 47. exd4 Ng3+ 48. Bxg3 hxg3 49. Rxe7 Kf8 50. Rb7 Kg7 51. Rxb6 Kf8 52. Rc7 Kg7 53. Rbb7 Kg6 54. Rxf7 Kg5 55. Rf3 Kh4 56. Rg7 Kh5 57. Rg4 Kh6 58. Rf5 1-0

[Event "Wch FIDE Online U14 Girls Asia qual"]
[Site "Tornelo INT"]
[Date "2020.12.11"]
[Round "1"]
[White "Amin Erdene, Bayanmunkh"]
[Black "Khaliunaa, Gankhulug"]
[Result "1/2-1/2"]
[WhiteElo "1425"]
[BlackElo "1899"]
[PlyCount "127"]
[EventDate "2020.12.11"]
[EventType "swiss (rapid)"]
[EventRounds "7"]
[EventCountry "ISS"]
[SourceTitle "EXT 2022"]
[Source "ChessBase"]
[SourceDate "2021.10.06"]
[SourceVersion "1"]
[SourceVersionDate "2021.10.06"]
[SourceQuality "1"]

1. d4 Nf6 2. Bg5 e6 3. e4 d6 4. Nc3 Nbd7 5. g3 Be7 6. Bxf6 Bxf6 7. Nge2 c5 8. d5 Qe7 9. Nb5 Ne5 10. Nf4 a6 11. Nc3 b5 12. a3 c4 13. Bg2 Bb7 14. 0-0 0-0 15. Nfe2 Nd7 16. f4 Nb6 17. Qd2 g6 18. Rfd1 Rad8 19. Nd4 Rfe8 20. Nde2 exd5 21. exd5 Bg7 22. Re1 Qc7 23. Rad1 Qc5+ 24. Kh1 a5 25. Ng1 b4 26. axb4 axb4 27. Ne4 Qb5 28. c3 bxc3 29. Nxc3 Qc5 30. Rxe8+ Rxe8 31. Nge2 Bf6 32. h3 Qe3 33. Qxe3 Rxe3 34. Kg1 Rd3 35. Kf2 Rxd1 36. Nxd1 Bxd5 37. Bxd5 Nxd5 38. Ndc3 Nb4 39. Ke3 Nd3 40. Ne4 Bxb2 41. Nxd6 Bc1+ 42. Kd4 Nf2 43. h4 Ng4 44. Kxc4 Bb2 45. Ne4 Kg7 46. Kb3 Bf6 47. Kc4 Be7 48. Kd3 Bb4 49. Nd4 Be1 50. Ke2 Bb4 51. Kf3 Nf6 52. Nxf6 Kxf6 53. Ke4 Be1 54. Kf3 Ke7 55. Nc6+ Kd6 56. Ne5 Ke6 57. Ng4 f6 58. Ne3 h5 59. Nc2 Bc3 60. Ne3 Be1 61. Nc4 Bc3 62. Ne3 Be1 63. Ng2 Bc3 64. Ne3 1/2-1/2